| 000 | 01400nam a2200265Ia 4500 | ||
|---|---|---|---|
| 003 | OSt | ||
| 005 | 20251218113219.0 | ||
| 008 | 210210b2009 xxu||||| |||| 00| 0 eng d | ||
| 020 | _a9788190970112 | ||
| 040 | _cAL | ||
| 041 | _aKannada | ||
| 082 | _aK894.9 RAVP | ||
| 100 |
_aRAVI CHALAVADI _dರವಿ ಚಲವಾದಿ _9249438 |
||
| 245 |
_aPrachIna kannada sahitya sangharsha _bಪ್ರಾಚೀನ ಕನ್ನಡ ಸಾಹಿತ್ಯ- ಸಂಘರ್ಷ |
||
| 260 |
_aKannada _b- _c2009 |
||
| 300 | _avii,339 | ||
| 520 | _aಪ್ರಾಚೀನ ಕನ್ನಡ ಸಾಹಿತ್ಯ ; ಸಂಘರ್ಷ ಎದುರುಗೊಳ್ಳುವ ಬಗೆ, ಪರಿಕಲ್ಪನೆಯಾಗಿ ಸಂಘರ್ಷ ; ತಾತ್ವಿಕರ ಕಣ್ಣಲ್ಲಿ, ದೇಸಿ – ಮಾರ್ಗ – ಅನುಸಂಧಾನ, ನಾಯಕ – ಪ್ರತಿನಾಯಕ ; ದೇಶಭಾಷೆಯ ಕಾಣ್ಕೆ, ಮತ ಮೂಲದ ತುಮುಲಗಳು, ನಿಲುವು ಇವುಗಳ ಹಿನ್ನಲೆಯಲ್ಲಿ ಅಧ್ಯಯನ ಸಾಮಗ್ರಿಗೆ ಪೂರಕವಾಗುವ ಪರಾಮರ್ಶನ ಗ್ರಂಥವಾಗಿದೆ. | ||
| 650 |
_asangharSha _9249439 |
||
| 650 |
_asAhitya _9249440 |
||
| 650 |
_aPrAchIna _9249441 |
||
| 650 |
_akannaDA _9249442 |
||
| 690 |
_aKannada Criticism _9249443 |
||
| 906 | _a068329 | ||
| 942 |
_2ddc _cBK |
||
| 999 |
_c152626 _d152626 |
||